Statistiques concernant Villes les plus peuplées du Cher 18

Cliquez ici pour prendre le quiz!

Statistiques générales

  • Ce quiz a été pris 24 fois
  • Le résultat moyen est 6 sur 15

Statistiques - réponses

PopulationVille% Correct
64 362Bourges
100%
25 045Vierzon
92%
9 490Saint-Amand-Montrond
75%
9 664Saint-Doulchard
63%
6 502Mehun-sur-Yèvre
46%
5 499Aubigny-sur-Nère
33%
4 995Saint-Germain-du-Puy
33%
2 804Avord
25%
3 674La Chapelle-Saint-Ursin
25%
6 432Saint-Florent-sur-Cher
25%
2 943Sancoins
25%
3 977Trouy
25%
3 168La Guerche-sur-l'Aubois
13%
2 620Méreau
13%
3 616Dun-sur-Auron
8%

Distribution des résultats

Percentile par nombre de réponses

% des personnes avec chaque résultat

Votre développement - résultats

Vous n’avez pas pris ce quiz